[Event "AUTO-MASTER-3271"]
[Site "http://www.queenalice.com/game.php?id=1859748"]
[Date "2025.7.10"]
[Round "1"]
[White "BeatifulDevil56"]
[Black "Diego_Silveira"]
[Result "1-0"]
[WhiteElo "2101"]
[BlackElo "2100"]

1. c4 c5 2. Nf3 Nf6 3. Nc3 Nc6 4. d4 cxd4 5. Nxd4 e6 6. e4 Bb4 7. Nxc6 bxc6 8.
f3 Nxe4 9. fxe4 Qh4+ 10. Kd2 Qxe4 11. Qf3 Qxf3 12. gxf3 d5 13. cxd5 cxd5 14. a3
Ba5 15. b4 Bb6 16. Bg2 Ba6 17. b5 Bb7 18. Na4 Bd4 19. Ra2 Rc8 20. Bb2 Bf2 21.
Kd3 f6 22. Rf1 Bh4 23. Bd4 a6 24. bxa6 Bxa6+ 25. Ke3 e5 26. Rd1 exd4+ 27. Rxd4
Bg5+ 28. f4 Bh6 29. Bxd5 Ke7 30. Rb2 Rhe8 31. Re4+ Kf8 32. Rb6 Rxe4+ 33. Kxe4
Re8+ 34. Re6 Rxe6+ 35. Bxe6 Ke7 36. Ba2 Kd6 37. f5 Bc1 38. Nb6 1-0